<?xml version="1.0" encoding="UTF-8"?>
<record
    xmlns:xsi="http://www.w3.org/2001/XMLSchema-instance"
    xsi:schemaLocation="http://www.loc.gov/MARC21/slim http://www.loc.gov/standards/marcxml/schema/MARC21slim.xsd"
    xmlns="http://www.loc.gov/MARC21/slim">

  <leader>01037nam a22002417a 4500</leader>
  <datafield tag="999" ind1=" " ind2=" ">
    <subfield code="c">69818</subfield>
    <subfield code="d">69818</subfield>
  </datafield>
  <controlfield tag="005">20210520100107.0</controlfield>
  <controlfield tag="008">      s2556    th                  tha d</controlfield>
  <datafield tag="020" ind1=" " ind2=" ">
    <subfield code="a">9786162562150</subfield>
  </datafield>
  <datafield tag="040" ind1=" " ind2=" ">
    <subfield code="a">NALT</subfield>
  </datafield>
  <datafield tag="041" ind1=" " ind2=" ">
    <subfield code="a">tha</subfield>
  </datafield>
  <datafield tag="050" ind1=" " ind2=" ">
    <subfield code="a">BF 575.S39 </subfield>
    <subfield code="b">&#xE2D;112&#xE01; 2556</subfield>
  </datafield>
  <datafield tag="100" ind1="0" ind2=" ">
    <subfield code="a">&#xE2D;&#xE04;&#xE31;&#xE1F;&#xE1F;&#xE4C;, &#xE08;&#xE2D;&#xE19;</subfield>
    <subfield code="9">48419</subfield>
  </datafield>
  <datafield tag="245" ind1="1" ind2="0">
    <subfield code="a">&#xE01;&#xE25;&#xE49;&#xE32;&#xE17;&#xE35;&#xE48;&#xE08;&#xE30;&#xE40;&#xE23;&#xE34;&#xE48;&#xE21; = </subfield>
    <subfield code="b">Start /</subfield>
    <subfield code="c">&#xE08;&#xE2D;&#xE19; &#xE2D;&#xE04;&#xE31;&#xE1F;&#xE1F;&#xE4C; ; &#xE28;&#xE38;&#xE20;&#xE34;&#xE01;&#xE32; &#xE01;&#xE38;&#xE0D;&#xE0A;&#xE23; &#xE13; &#xE2D;&#xE22;&#xE38;&#xE18;&#xE22;&#xE32; &#xE41;&#xE1B;&#xE25;.</subfield>
  </datafield>
  <datafield tag="260" ind1=" " ind2=" ">
    <subfield code="a">&#xE01;&#xE23;&#xE38;&#xE07;&#xE40;&#xE17;&#xE1E;&#xE2F; : </subfield>
    <subfield code="b">&#xE19;&#xE01;&#xE2E;&#xE39;&#xE01; &#xE1E;&#xE31;&#xE1A;&#xE25;&#xE34;&#xE0A;&#xE0A;&#xE34;&#xE48;&#xE07;, </subfield>
    <subfield code="c">2556.</subfield>
  </datafield>
  <datafield tag="300" ind1=" " ind2=" ">
    <subfield code="a">317 &#xE2B;&#xE19;&#xE49;&#xE32; ;</subfield>
    <subfield code="b"> </subfield>
    <subfield code="c">21 &#xE0B;&#xE21;.</subfield>
  </datafield>
  <datafield tag="650" ind1=" " ind2="4">
    <subfield code="a">&#xE04;&#xE27;&#xE32;&#xE21;&#xE40;&#xE0A;&#xE37;&#xE48;&#xE2D;&#xE21;&#xE31;&#xE48;&#xE19;&#xE43;&#xE19;&#xE15;&#xE19;&#xE40;&#xE2D;&#xE07;</subfield>
    <subfield code="9">5749</subfield>
  </datafield>
  <datafield tag="650" ind1=" " ind2="4">
    <subfield code="a">&#xE04;&#xE27;&#xE32;&#xE21;&#xE19;&#xE31;&#xE1A;&#xE16;&#xE37;&#xE2D;&#xE15;&#xE19;&#xE40;&#xE2D;&#xE07;</subfield>
    <subfield code="9">48420</subfield>
  </datafield>
  <datafield tag="700" ind1="0" ind2=" ">
    <subfield code="a">&#xE28;&#xE38;&#xE20;&#xE34;&#xE01;&#xE32; &#xE01;&#xE38;&#xE0D;&#xE0A;&#xE23; &#xE13; &#xE2D;&#xE22;&#xE38;&#xE18;&#xE22;&#xE32;</subfield>
    <subfield code="9">22461</subfield>
  </datafield>
  <datafield tag="700" ind1="1" ind2=" ">
    <subfield code="9">48421</subfield>
    <subfield code="a">Acuff, Jonathan M. </subfield>
  </datafield>
  <datafield tag="850" ind1=" " ind2=" ">
    <subfield code="a">NALT</subfield>
  </datafield>
  <datafield tag="942" ind1=" " ind2=" ">
    <subfield code="c">GB</subfield>
    <subfield code="0">1</subfield>
    <subfield code="2">lcc</subfield>
  </datafield>
  <datafield tag="998" ind1=" " ind2=" ">
    <subfield code="j">104</subfield>
    <subfield code="k"> &#xE2A;&#xE32;&#xE22;&#xE1D;&#xE19; &#xE14;&#xE35;&#xE07;&#xE32;&#xE21;</subfield>
  </datafield>
  <datafield tag="952" ind1=" " ind2=" ">
    <subfield code="0">0</subfield>
    <subfield code="1">0</subfield>
    <subfield code="2">lcc</subfield>
    <subfield code="4">0</subfield>
    <subfield code="7">0</subfield>
    <subfield code="8">CGBL</subfield>
    <subfield code="a">NALT</subfield>
    <subfield code="b">NALT</subfield>
    <subfield code="e">&#xE08;&#xE31;&#xE14;&#xE0B;&#xE37;&#xE49;&#xE2D;&#xE17;&#xE23;&#xE31;&#xE1E;&#xE22;&#xE32;&#xE01;&#xE23;</subfield>
    <subfield code="g">270.00</subfield>
    <subfield code="l">0</subfield>
    <subfield code="o">BF 575.S39 &#xE2D;112&#xE01; 2556</subfield>
    <subfield code="p">3961196392</subfield>
    <subfield code="r">2017-06-09 00:00:00</subfield>
    <subfield code="t">&#xE09;.2</subfield>
    <subfield code="v">320.00</subfield>
    <subfield code="w">2017-06-09</subfield>
    <subfield code="y">GB</subfield>
  </datafield>
  <datafield tag="952" ind1=" " ind2=" ">
    <subfield code="0">0</subfield>
    <subfield code="1">0</subfield>
    <subfield code="2">lcc</subfield>
    <subfield code="4">0</subfield>
    <subfield code="7">0</subfield>
    <subfield code="8">CGBL</subfield>
    <subfield code="a">NALT</subfield>
    <subfield code="b">NALT</subfield>
    <subfield code="e">&#xE08;&#xE31;&#xE14;&#xE0B;&#xE37;&#xE49;&#xE2D;&#xE17;&#xE23;&#xE31;&#xE1E;&#xE22;&#xE32;&#xE01;&#xE23;</subfield>
    <subfield code="g">270.00</subfield>
    <subfield code="l">1</subfield>
    <subfield code="m">1</subfield>
    <subfield code="o">BF 575.S39 &#xE2D;112&#xE01; 2556</subfield>
    <subfield code="p">3961196391</subfield>
    <subfield code="r">2017-07-27 00:00:00</subfield>
    <subfield code="s">2017-07-11</subfield>
    <subfield code="t">&#xE09;.1</subfield>
    <subfield code="v">320.00</subfield>
    <subfield code="w">2017-06-09</subfield>
    <subfield code="y">GB</subfield>
  </datafield>
</record>
